| 000 | 00457cam a2200169 i 4500 | ||
|---|---|---|---|
| 005 | 20260308130349.0 | ||
| 008 | 250721s9999 cc gr 000 0 eng d | ||
| 020 | _a0333545834 | ||
| 082 | 1 | 4 |
_a859.1 _bT A G |
| 100 | 1 |
_aTagoro, Rabindranath _eAuthor. |
|
| 245 | 1 | 0 |
_aMY Reminiscences / _cRabindranath Tagore. |
| 250 | _aFirst Edition. | ||
| 264 | 3 | 1 |
_aNew York : _bPAPERMAC, _c1991. |
| 300 | _a232 pages. | ||
| 942 |
_2ddc _cBK |
||
| 999 |
_c97561 _d97561 |
||